000
00351nam a2200169Ia 4500
100
_a
Barker/Thomas T
650
_a
Documentation
250
_a
2
942
_c
BK
366
_f
25
245
_a
Writing Software Documentation
260
_b
Pearson
_c
2003
082
_a
5.15
_b
BAR
300
_a
468
546
_a
ENGLISH
_c
Computers
999
_c
20949
_d
20949